[Event "LOTTO Polish Championship"]
[Site "chess24.com"]
[Date "2019.05.14"]
[Round "4"]
[White "Sadzikowski, Daniel"]
[Black "Bartel, Mateusz"]
[Result "1/2-1/2"]
[Board "3"]
[WhiteElo "2522"]
[WhiteTitle "GM"]
[WhiteCountry "POL"]
[WhiteFideId "1132253"]
[WhiteEloChange "1"]
[BlackElo "2598"]
[BlackTitle "GM"]
[BlackCountry "POL"]
[BlackFideId "1112635"]
[BlackEloChange "-1"]

1. e4 {[%clk 1:30:54]} e6 {[%clk 1:30:48]} 2. d4 {[%clk 1:31:18]} d5 {[%clk
1:31:14]} 3. Nd2 {[%clk 1:31:44]} Be7 {[%clk 1:31:34]} 4. Ngf3 {[%clk 1:31:05]}
Nf6 {[%clk 1:31:55]} 5. e5 {[%clk 1:29:58]} Nfd7 {[%clk 1:32:22]} 6. Bd3 {[%clk
1:29:38]} c5 {[%clk 1:32:44]} 7. c3 {[%clk 1:30:06]} Nc6 {[%clk 1:32:55]} 8. O-O
{[%clk 1:30:19]} g5 {[%clk 1:33:19]} 9. dxc5 {[%clk 1:30:22]} Ndxe5 {[%clk
1:33:26]} 10. Nxe5 {[%clk 1:30:32]} Nxe5 {[%clk 1:33:48]} 11. Bb5+ {[%clk
1:16:36]} Bd7 {[%clk 1:32:17]} 12. Bxd7+ {[%clk 1:16:42]} Qxd7 {[%clk 1:32:25]}
13. Nf3 {[%clk 1:17:11]} Nxf3+ {[%clk 1:19:36]} 14. Qxf3 {[%clk 1:17:38]} e5
{[%clk 1:19:56]} 15. b4 {[%clk 1:13:51]} g4 {[%clk 1:15:39]} 16. Qg3 {[%clk
1:08:49]} f6 {[%clk 1:14:35]} 17. f4 {[%clk 0:56:11]} gxf3 {[%clk 1:14:19]} 18.
Qxf3 {[%clk 0:56:32]} O-O-O {[%clk 1:14:31]} 19. Be3 {[%clk 0:57:00]} Rhg8 {[%clk
1:06:59]} 20. Rad1 {[%clk 0:51:05]} Kc7 {[%clk 0:54:59]} 21. a4 {[%clk 0:47:52]}
Qg4 {[%clk 0:54:48]} 22. h3 {[%clk 0:48:14]} Qg3 {[%clk 0:40:33]} 23. Kh1 {[%clk
0:45:02]} Qxf3 {[%clk 0:35:48]} 24. Rxf3 {[%clk 0:44:34]} a6 {[%clk 0:36:16]} 25.
g4 {[%clk 0:37:52]} Kd7 {[%clk 0:30:21]} 26. Rxd5+ {[%clk 0:35:03]} Ke6 {[%clk
0:30:46]} 27. Rxd8 {[%clk 0:35:26]} Rxd8 {[%clk 0:31:10]} 28. Kg2 {[%clk
0:35:43]} h5 {[%clk 0:31:25]} 29. Kf2 {[%clk 0:21:52]} a5 {[%clk 0:22:42]} 30.
Ke2 {[%clk 0:19:50]} hxg4 {[%clk 0:21:41]} 1/2-1/2

[Event "LOTTO Polish Championship"]
[Site "chess24.com"]
[Date "2019.05.14"]
[Round "4"]
[White "Dragun, Kamil"]
[Black "Socko, Bartosz"]
[Result "1/2-1/2"]
[Board "4"]
[WhiteElo "2591"]
[WhiteTitle "GM"]
[WhiteCountry "POL"]
[WhiteFideId "1134167"]
[WhiteEloChange "1"]
[BlackElo "2627"]
[BlackTitle "GM"]
[BlackCountry "POL"]
[BlackFideId "1107038"]
[BlackEloChange "-1"]

1. Nf3 {[%clk 1:30:55]} d5 {[%clk 1:30:55]} 2. g3 {[%clk 1:31:16]} Bg4 {[%clk
1:27:50]} 3. Bg2 {[%clk 1:30:42]} c6 {[%clk 1:28:07]} 4. O-O {[%clk 1:30:49]} Nf6
{[%clk 1:28:28]} 5. d4 {[%clk 1:30:46]} e6 {[%clk 1:28:21]} 6. Nbd2 {[%clk
1:31:05]} Be7 {[%clk 1:27:59]} 7. Re1 {[%clk 1:31:24]} Nbd7 {[%clk 1:27:28]} 8.
e4 {[%clk 1:31:21]} dxe4 {[%clk 1:26:31]} 9. Nxe4 {[%clk 1:31:01]} O-O {[%clk
1:25:44]} 10. c3 {[%clk 1:30:20]} Qb6 {[%clk 1:18:48]} 11. Qb3 {[%clk 1:27:43]}
Rfe8 {[%clk 1:11:28]} 12. Nxf6+ {[%clk 1:09:21]} Bxf6 {[%clk 1:11:29]} 13. Bf4
{[%clk 1:08:41]} h6 {[%clk 1:04:11]} 14. h3 {[%clk 1:00:15]} Bh5 {[%clk 0:55:10]}
15. Ne5 {[%clk 0:58:01]} Bxe5 {[%clk 0:52:47]} 16. Bxe5 {[%clk 0:58:08]} Nxe5
{[%clk 0:52:44]} 17. Rxe5 {[%clk 0:58:16]} Bg6 {[%clk 0:52:56]} 18. Qa3 {[%clk
0:53:41]} a5 {[%clk 0:50:38]} 19. Rae1 {[%clk 0:50:53]} a4 {[%clk 0:43:58]} 20.
R1e3 {[%clk 0:50:35]} Red8 {[%clk 0:41:38]} 21. Kh2 {[%clk 0:50:29]} Bb1 {[%clk
0:40:39]} 22. h4 {[%clk 0:49:31]} Qa6 {[%clk 0:39:28]} 23. Re1 {[%clk 0:38:11]}
Bd3 {[%clk 0:39:14]} 24. Qb4 {[%clk 0:37:06]} Qc4 {[%clk 0:35:17]} 25. Qa3 {[%clk
0:33:42]} Qa6 {[%clk 0:34:32]} 26. Qb4 {[%clk 0:33:58]} Qc4 {[%clk 0:30:35]} 27.
Qa3 {[%clk 0:34:24]} Qa6 {[%clk 0:30:58]} 28. Qb4 {[%clk 0:33:10]} Qc4 {[%clk
0:31:01]} 29. Qa3 {[%clk 0:33:30]} Qa6 {[%clk 0:31:26]} 30. Qb4 {[%clk 0:33:56]}
Qc4 {[%clk 0:31:50]} 31. Qa3 {[%clk 0:34:21]} 1/2-1/2

[Event "LOTTO Polish Championship"]
[Site "chess24.com"]
[Date "2019.05.14"]
[Round "4"]
[White "Gajewski, Grzegorz"]
[Black "Gumularz, Szymon"]
[Result "0-1"]
[Board "5"]
[WhiteElo "2613"]
[WhiteTitle "GM"]
[WhiteCountry "POL"]
[WhiteFideId "1116207"]
[WhiteEloChange "-7"]
[BlackElo "2483"]
[BlackTitle "IM"]
[BlackCountry "POL"]
[BlackFideId "1188062"]
[BlackEloChange "7"]

1. Nf3 {[%clk 1:30:51]} Nf6 {[%clk 1:30:50]} 2. c4 {[%clk 1:31:14]} e6 {[%clk
1:31:15]} 3. Nc3 {[%clk 1:31:36]} d5 {[%clk 1:31:37]} 4. e3 {[%clk 1:32:01]} a6
{[%clk 1:28:24]} 5. b3 {[%clk 1:32:03]} c5 {[%clk 1:27:54]} 6. Bb2 {[%clk
1:30:40]} Nc6 {[%clk 1:26:08]} 7. d4 {[%clk 1:29:57]} cxd4 {[%clk 1:20:51]} 8.
Nxd4 {[%clk 1:30:19]} Bd6 {[%clk 1:17:24]} 9. Be2 {[%clk 1:22:11]} O-O {[%clk
1:17:26]} 10. O-O {[%clk 1:22:38]} Bc7 {[%clk 1:16:29]} 11. Ba3 {[%clk 1:14:16]}
Re8 {[%clk 1:16:21]} 12. Nxc6 {[%clk 1:09:24]} bxc6 {[%clk 1:16:38]} 13. Qc2
{[%clk 1:08:51]} e5 {[%clk 0:57:38]} 14. Rac1 {[%clk 1:03:57]} Bd6 {[%clk
0:46:55]} 15. Qb2 {[%clk 0:56:38]} d4 {[%clk 0:41:55]} 16. Bxd6 {[%clk 0:37:34]}
Qxd6 {[%clk 0:40:32]} 17. exd4 {[%clk 0:37:10]} exd4 {[%clk 0:39:45]} 18. Na4
{[%clk 0:36:51]} c5 {[%clk 0:26:52]} 19. Bf3 {[%clk 0:36:25]} Ra7 {[%clk
0:22:41]} 20. b4 {[%clk 0:35:38]} cxb4 {[%clk 0:14:35]} 21. c5 {[%clk 0:35:59]}
Qf4 {[%clk 0:13:21]} 22. Rcd1 {[%clk 0:17:04]} Rd8 {[%clk 0:12:21]} 23. Rfe1
{[%clk 0:11:14]} d3 {[%clk 0:10:04]} 24. Nb6 {[%clk 0:06:24]} Bf5 {[%clk
0:07:49]} 25. Qe5 {[%clk 0:06:18]} Qxe5 {[%clk 0:07:20]} 26. Rxe5 {[%clk
0:06:47]} Be6 {[%clk 0:07:32]} 27. Rd2 {[%clk 0:05:51]} a5 {[%clk 0:05:49]} 28.
Bd1 {[%clk 0:04:12]} Rc7 {[%clk 0:04:32]} 29. h3 {[%clk 0:03:31]} g6 {[%clk
0:04:26]} 30. g4 {[%clk 0:03:42]} Rd4 {[%clk 0:04:30]} 31. Ba4 {[%clk 0:03:37]}
Ne4 {[%clk 0:04:09]} 32. Rxe4 {[%clk 0:03:16]} Rxe4 {[%clk 0:04:35]} 33. c6
{[%clk 0:03:01]} Re2 {[%clk 0:02:54]} 34. Rxd3 {[%clk 0:03:16]} Rxa2 {[%clk
0:03:20]} 35. Na8 {[%clk 0:02:05]} Rc8 {[%clk 0:01:58]} 36. Nb6 {[%clk 0:02:21]}
Rb8 {[%clk 0:01:36]} 0-1

[Event "LOTTO Polish Championship"]
[Site "chess24.com"]
[Date "2019.05.15"]
[Round "5"]
[White "Gumularz, Szymon"]
[Black "Piorun, Kacper"]
[Result "1/2-1/2"]
[Board "1"]
[WhiteElo "2483"]
[WhiteTitle "IM"]
[WhiteCountry "POL"]
[WhiteFideId "1188062"]
[WhiteEloChange "2"]
[BlackElo "2657"]
[BlackTitle "GM"]
[BlackCountry "POL"]
[BlackFideId "1130420"]
[BlackEloChange "-2"]

1. e4 {[%clk 1:30:56]} e5 {[%clk 1:30:53]} 2. Nf3 {[%clk 1:31:13]} Nc6 {[%clk
1:31:16]} 3. Bb5 {[%clk 1:31:26]} g6 {[%clk 1:31:39]} 4. c3 {[%clk 1:30:37]} a6
{[%clk 1:30:48]} 5. Ba4 {[%clk 1:30:55]} Bg7 {[%clk 1:31:01]} 6. d4 {[%clk
1:29:08]} exd4 {[%clk 1:31:06]} 7. cxd4 {[%clk 1:29:20]} b5 {[%clk 1:31:24]} 8.
Bc2 {[%clk 1:28:41]} Nge7 {[%clk 1:31:44]} 9. d5 {[%clk 1:27:21]} Na5 {[%clk
1:32:09]} 10. Bd2 {[%clk 1:21:56]} c5 {[%clk 1:32:17]} 11. Bc3 {[%clk 1:20:56]}
O-O {[%clk 1:26:38]} 12. Bxg7 {[%clk 1:18:15]} Kxg7 {[%clk 1:27:07]} 13. b4
{[%clk 1:17:51]} cxb4 {[%clk 1:26:13]} 14. Qd4+ {[%clk 1:17:26]} Kg8 {[%clk
1:18:30]} 15. Qxb4 {[%clk 1:14:32]} d6 {[%clk 1:18:02]} 16. Nbd2 {[%clk 1:12:45]}
Nb7 {[%clk 1:12:11]} 17. O-O {[%clk 1:10:54]} Bd7 {[%clk 1:08:44]} 18. Nb3 {[%clk
1:01:18]} Rc8 {[%clk 1:04:26]} 19. Bd3 {[%clk 0:59:18]} f5 {[%clk 0:59:12]} 20.
Rae1 {[%clk 0:56:45]} fxe4 {[%clk 0:57:17]} 21. Qxe4 {[%clk 0:51:59]} Nf5 {[%clk
0:57:42]} 22. Qb4 {[%clk 0:39:58]} Qf6 {[%clk 0:54:00]} 23. Rc1 {[%clk 0:36:50]}
a5 {[%clk 0:25:37]} 24. Qf4 {[%clk 0:22:57]} Rxc1 {[%clk 0:20:18]} 25. Rxc1
{[%clk 0:21:21]} a4 {[%clk 0:20:34]} 26. Nbd4 {[%clk 0:19:50]} Nc5 {[%clk
0:18:45]} 27. Bxf5 {[%clk 0:19:42]} gxf5 {[%clk 0:19:10]} 28. Rb1 {[%clk
0:18:31]} Ne4 {[%clk 0:17:29]} 29. Rc1 {[%clk 0:16:47]} Nc5 {[%clk 0:14:52]} 30.
Rb1 {[%clk 0:16:35]} Ne4 {[%clk 0:14:08]} 31. Rc1 {[%clk 0:16:53]} 1/2-1/2

[Event "LOTTO Polish Championship"]
[Site "chess24.com"]
[Date "2019.05.15"]
[Round "5"]
[White "Socko, Bartosz"]
[Black "Gajewski, Grzegorz"]
[Result "1/2-1/2"]
[Board "2"]
[WhiteElo "2627"]
[WhiteTitle "GM"]
[WhiteCountry "POL"]
[WhiteFideId "1107038"]
[BlackElo "2613"]
[BlackTitle "GM"]
[BlackCountry "POL"]
[BlackFideId "1116207"]

1. d4 {[%clk 1:30:57]} Nf6 {[%clk 1:30:50]} 2. c4 {[%clk 1:31:21]} e6 {[%clk
1:31:15]} 3. Nf3 {[%clk 1:31:39]} d5 {[%clk 1:31:40]} 4. g3 {[%clk 1:32:03]} Bb4+
{[%clk 1:32:05]} 5. Nbd2 {[%clk 1:32:26]} O-O {[%clk 1:31:41]} 6. Bg2 {[%clk
1:32:36]} b6 {[%clk 1:32:06]} 7. O-O {[%clk 1:32:58]} Bb7 {[%clk 1:32:33]} 8. b3
{[%clk 1:33:20]} Nbd7 {[%clk 1:31:47]} 9. Bb2 {[%clk 1:33:26]} Rc8 {[%clk
1:28:18]} 10. Rc1 {[%clk 1:32:01]} Re8 {[%clk 1:24:19]} 11. Ne5 {[%clk 1:28:07]}
Nxe5 {[%clk 1:11:47]} 12. dxe5 {[%clk 1:28:16]} Ne4 {[%clk 1:12:15]} 13. Nxe4
{[%clk 1:13:33]} dxe4 {[%clk 1:12:40]} 14. a3 {[%clk 1:06:58]} Qxd1 {[%clk
1:11:57]} 15. Rcxd1 {[%clk 1:00:14]} Be7 {[%clk 1:11:52]} 16. f4 {[%clk 0:57:37]}
Red8 {[%clk 0:50:01]} 17. e3 {[%clk 0:49:04]} a5 {[%clk 0:47:09]} 18. Kf2 {[%clk
0:47:00]} Rxd1 {[%clk 0:45:53]} 19. Rxd1 {[%clk 0:47:24]} Rd8 {[%clk 0:46:18]}
20. Rxd8+ {[%clk 0:47:41]} Bxd8 {[%clk 0:46:44]} 21. b4 {[%clk 0:43:37]} c5
{[%clk 0:37:17]} 22. b5 {[%clk 0:41:10]} h5 {[%clk 0:34:36]} 23. Bf1 {[%clk
0:40:46]} Kh7 {[%clk 0:33:34]} 24. Be2 {[%clk 0:40:18]} Kh6 {[%clk 0:33:57]} 25.
Bc3 {[%clk 0:39:42]} Be7 {[%clk 0:34:09]} 26. Kg2 {[%clk 0:40:04]} Bd8 {[%clk
0:34:23]} 27. Kh3 {[%clk 0:39:59]} Be7 {[%clk 0:34:39]} 28. g4 {[%clk 0:36:54]}
hxg4+ {[%clk 0:33:34]} 29. Kxg4 {[%clk 0:36:54]} Bc8 {[%clk 0:32:46]} 30. Bd1
{[%clk 0:35:49]} Bd8 {[%clk 0:15:14]} 31. Bc2 {[%clk 0:35:32]} Bb7 {[%clk
0:10:07]} 32. Be1 {[%clk 0:31:32]} Be7 {[%clk 0:08:40]} 33. Bh4 {[%clk 0:22:21]}
f5+ {[%clk 0:02:14]} 34. exf6 {[%clk 0:17:50]} gxf6 {[%clk 0:02:42]} 35. Kh3
{[%clk 0:16:52]} Bd8 {[%clk 0:02:43]} 36. Bd1 {[%clk 0:15:48]} Be7 {[%clk
0:03:04]} 37. Bg3 {[%clk 0:14:01]} Bd8 {[%clk 0:03:25]} 38. Kh4 {[%clk 0:11:08]}
Bc8 {[%clk 0:03:33]} 39. Kh3 {[%clk 0:11:01]} Bb7 {[%clk 0:02:59]} 40. Bc2 {[%clk
0:41:11]} Kg6 {[%clk 0:32:53]} 41. Bd1 {[%clk 0:38:01]} 1/2-1/2

[Event "LOTTO Polish Championship"]
[Site "chess24.com"]
[Date "2019.05.15"]
[Round "5"]
[White "Bartel, Mateusz"]
[Black "Dragun, Kamil"]
[Result "1/2-1/2"]
[Board "3"]
[WhiteElo "2598"]
[WhiteTitle "GM"]
[WhiteCountry "POL"]
[WhiteFideId "1112635"]
[BlackElo "2591"]
[BlackTitle "GM"]
[BlackCountry "POL"]
[BlackFideId "1134167"]

1. d4 {[%clk 1:30:56]} Nf6 {[%clk 1:30:37]} 2. c4 {[%clk 1:31:18]} e6 {[%clk
1:30:56]} 3. g3 {[%clk 1:31:42]} d5 {[%clk 1:28:43]} 4. Bg2 {[%clk 1:31:56]} a6
{[%clk 1:25:25]} 5. Nd2 {[%clk 1:21:06]} Be7 {[%clk 1:17:28]} 6. Ngf3 {[%clk
1:20:50]} O-O {[%clk 1:17:41]} 7. O-O {[%clk 1:20:57]} b6 {[%clk 1:17:53]} 8.
cxd5 {[%clk 1:17:56]} exd5 {[%clk 1:16:59]} 9. Qc2 {[%clk 1:18:14]} Bb7 {[%clk
1:15:58]} 10. Ne5 {[%clk 1:17:28]} c5 {[%clk 1:13:12]} 11. dxc5 {[%clk 1:07:03]}
bxc5 {[%clk 1:13:28]} 12. Rd1 {[%clk 0:58:26]} Nbd7 {[%clk 1:11:02]} 13. Nxd7
{[%clk 0:55:58]} Qxd7 {[%clk 1:10:36]} 14. Nc4 {[%clk 0:55:25]} Rad8 {[%clk
1:07:28]} 15. Bg5 {[%clk 0:52:44]} Qe6 {[%clk 0:55:27]} 16. Ne3 {[%clk 0:50:37]}
Ng4 {[%clk 0:47:39]} 17. Bxe7 {[%clk 0:47:24]} Nxe3 {[%clk 0:48:02]} 18. Qxc5
{[%clk 0:47:49]} Nxd1 {[%clk 0:48:19]} 19. Bxd8 {[%clk 0:48:03]} Nxf2 {[%clk
0:38:02]} 20. Kxf2 {[%clk 0:46:08]} Rxd8 {[%clk 0:38:16]} 21. Qd4 {[%clk
0:43:38]} Rc8 {[%clk 0:30:32]} 22. Rd1 {[%clk 0:43:54]} g6 {[%clk 0:28:38]} 23.
Bf3 {[%clk 0:43:42]} h5 {[%clk 0:26:35]} 24. Qb4 {[%clk 0:26:33]} Rc7 {[%clk
0:25:16]} 25. Rd4 {[%clk 0:26:34]} Qf6 {[%clk 0:24:02]} 26. Rf4 {[%clk 0:25:06]}
Qe6 {[%clk 0:24:13]} 27. Qd4 {[%clk 0:19:54]} Rc4 {[%clk 0:21:47]} 28. Qa7 {[%clk
0:19:37]} Rxf4 {[%clk 0:19:41]} 29. gxf4 {[%clk 0:19:59]} Bc8 {[%clk 0:18:00]}
30. Qb8 {[%clk 0:08:47]} Kh7 {[%clk 0:17:26]} 31. Qe5 {[%clk 0:05:06]} 1/2-1/2

[Event "LOTTO Polish Championship"]
[Site "chess24.com"]
[Date "2019.05.15"]
[Round "5"]
[White "Janik, Igor"]
[Black "Sadzikowski, Daniel"]
[Result "1/2-1/2"]
[Board "4"]
[WhiteElo "2469"]
[WhiteTitle "IM"]
[WhiteCountry "POL"]
[WhiteFideId "1159259"]
[WhiteEloChange "1"]
[BlackElo "2522"]
[BlackTitle "GM"]
[BlackCountry "POL"]
[BlackFideId "1132253"]
[BlackEloChange "-1"]

1. d4 {[%clk 1:30:57]} d5 {[%clk 1:30:51]} 2. c4 {[%clk 1:31:18]} e6 {[%clk
1:31:19]} 3. Nf3 {[%clk 1:31:38]} Nf6 {[%clk 1:31:44]} 4. g3 {[%clk 1:32:01]}
Bb4+ {[%clk 1:31:54]} 5. Bd2 {[%clk 1:32:23]} Bd6 {[%clk 1:32:18]} 6. Nc3 {[%clk
1:32:45]} O-O {[%clk 1:32:34]} 7. Qc2 {[%clk 1:33:12]} Nc6 {[%clk 1:30:48]} 8.
Bg2 {[%clk 1:33:23]} dxc4 {[%clk 1:27:55]} 9. O-O {[%clk 1:33:46]} Be7 {[%clk
1:21:26]} 10. e3 {[%clk 1:24:48]} Nb4 {[%clk 1:15:49]} 11. Qb1 {[%clk 1:24:46]}
c5 {[%clk 1:16:10]} 12. dxc5 {[%clk 1:20:25]} Bxc5 {[%clk 1:09:04]} 13. Na4
{[%clk 1:19:51]} Be7 {[%clk 1:06:08]} 14. Rc1 {[%clk 1:15:02]} b5 {[%clk
0:53:46]} 15. Bxb4 {[%clk 1:00:54]} Bxb4 {[%clk 0:54:01]} 16. Nd4 {[%clk
1:00:51]} Bd7 {[%clk 0:54:23]} 17. Bxa8 {[%clk 0:59:25]} Qxa8 {[%clk 0:54:45]}
18. a3 {[%clk 0:59:44]} e5 {[%clk 0:43:48]} 19. Nf5 {[%clk 0:57:34]} g6 {[%clk
0:43:36]} 20. Nh4 {[%clk 0:57:56]} Be7 {[%clk 0:23:50]} 21. Nc3 {[%clk 0:56:38]}
Bh3 {[%clk 0:24:15]} 22. e4 {[%clk 0:54:52]} Bc5 {[%clk 0:23:09]} 23. Rd1 {[%clk
0:44:53]} Ng4 {[%clk 0:19:30]} 24. Rd2 {[%clk 0:44:26]} f5 {[%clk 0:19:59]} 25.
Qe1 {[%clk 0:37:25]} f4 {[%clk 0:16:57]} 26. Nd1 {[%clk 0:35:49]} g5 {[%clk
0:13:31]} 27. Ng2 {[%clk 0:35:44]} Qc6 {[%clk 0:13:16]} 28. Kh1 {[%clk 0:32:12]}
fxg3 {[%clk 0:13:24]} 29. hxg3 {[%clk 0:31:29]} Qh6 {[%clk 0:11:25]} 30. Qg1
{[%clk 0:31:53]} Bxf2 {[%clk 0:07:51]} 31. Rxf2 {[%clk 0:31:58]} Nxf2+ {[%clk
0:07:53]} 32. Nxf2 {[%clk 0:32:24]} Be6+ {[%clk 0:08:15]} 33. Nh4 {[%clk
0:32:31]} gxh4 {[%clk 0:08:28]} 34. gxh4+ {[%clk 0:32:43]} Kh8 {[%clk 0:07:40]}
35. Qg3 {[%clk 0:33:08]} Qf6 {[%clk 0:06:51]} 36. Rg1 {[%clk 0:32:26]} Qf3+
{[%clk 0:07:12]} 37. Qxf3 {[%clk 0:32:46]} Rxf3 {[%clk 0:07:35]} 38. Kg2 {[%clk
0:32:48]} Rb3 {[%clk 0:07:29]} 39. Rd1 {[%clk 0:32:25]} Kg7 {[%clk 0:03:30]} 40.
Rd6 {[%clk 1:02:27]} Kf6 {[%clk 0:31:13]} 41. Nd1 {[%clk 1:02:31]} a5 {[%clk
0:24:57]} 42. Ra6 {[%clk 1:00:59]} b4 {[%clk 0:23:12]} 43. Rxa5 {[%clk 1:00:58]}
Bg4 {[%clk 0:23:19]} 44. Nf2 {[%clk 1:00:44]} Bf3+ {[%clk 0:23:29]} 45. Kg1
{[%clk 1:00:05]} Rxb2 {[%clk 0:19:31]} 46. axb4 {[%clk 1:00:19]} c3 {[%clk
0:19:25]} 47. Ra3 {[%clk 0:58:54]} Rxb4 {[%clk 0:08:52]} 48. Rxc3 {[%clk
0:59:02]} Bxe4 {[%clk 0:09:10]} 49. Kh2 {[%clk 0:58:34]} Kf5 {[%clk 0:07:09]} 50.
Rc7 {[%clk 0:57:54]} h5 {[%clk 0:05:53]} 51. Rf7+ {[%clk 0:56:39]} Kg6 {[%clk
0:06:18]} 52. Rf8 {[%clk 0:56:34]} Bf5 {[%clk 0:06:11]} 53. Rg8+ {[%clk 0:55:17]}
Kf6 {[%clk 0:06:27]} 54. Rf8+ {[%clk 0:55:15]} Ke6 {[%clk 0:04:03]} 55. Re8+
{[%clk 0:55:41]} Kd5 {[%clk 0:03:41]} 56. Rd8+ {[%clk 0:56:03]} Kc5 {[%clk
0:03:26]} 57. Rh8 {[%clk 0:56:07]} Bg6 {[%clk 0:03:40]} 58. Rg8 {[%clk 0:55:24]}
Rb6 {[%clk 0:03:53]} 59. Kg3 {[%clk 0:54:55]} Rd6 {[%clk 0:02:25]} 60. Kf3 {[%clk
0:55:04]} Kd4 {[%clk 0:02:45]} 61. Ra8 {[%clk 0:53:26]} Rf6+ {[%clk 0:01:04]} 62.
Kg3 {[%clk 0:53:05]} Rd6 {[%clk 0:00:57]} 63. Kf3 {[%clk 0:53:11]} Kd5 {[%clk
0:00:49]} 64. Nh3 {[%clk 0:50:24]} Rf6+ {[%clk 0:00:48]} 65. Ke3 {[%clk 0:50:17]}
Rb6 {[%clk 0:01:16]} 66. Ra5+ {[%clk 0:50:08]} Ke6 {[%clk 0:01:12]} 67. Ng5+
{[%clk 0:50:17]} Kf6 {[%clk 0:01:16]} 68. Nf3 {[%clk 0:50:38]} Rb3+ {[%clk
0:00:53]} 69. Kf2 {[%clk 0:51:03]} Rb2+ {[%clk 0:00:58]} 70. Ke3 {[%clk 0:51:25]}
Rb3+ {[%clk 0:01:08]} 71. Kf2 {[%clk 0:51:50]} e4 {[%clk 0:01:19]} 72. Ra6+
{[%clk 0:51:44]} Kg7 {[%clk 0:01:43]} 73. Nd4 {[%clk 0:51:16]} Rc3 {[%clk
0:00:37]} 74. Ne6+ {[%clk 0:51:34]} Kg8 {[%clk 0:00:47]} 75. Ra8+ {[%clk
0:48:46]} Kf7 {[%clk 0:01:17]} 76. Ng5+ {[%clk 0:49:10]} Ke7 {[%clk 0:01:17]} 77.
Ra7+ {[%clk 0:47:30]} Kd8 {[%clk 0:00:59]} 78. Ra8+ {[%clk 0:46:49]} Kd7 {[%clk
0:01:09]} 79. Ra7+ {[%clk 0:47:11]} Kd8 {[%clk 0:00:41]} 80. Ra8+ {[%clk
0:47:25]} Kc7 {[%clk 0:00:43]} 81. Ra7+ {[%clk 0:47:52]} Kd6 {[%clk 0:00:36]} 82.
Ra6+ {[%clk 0:48:17]} Rc6 {[%clk 0:01:05]} 83. Rxc6+ {[%clk 0:48:17]} Kxc6 {[%clk
0:01:34]} 84. Ke3 {[%clk 0:48:30]} Kd5 {[%clk 0:02:03]} 85. Nh3 {[%clk 0:48:55]}
Ke5 {[%clk 0:02:21]} 86. Nf4 {[%clk 0:49:24]} Be8 {[%clk 0:02:15]} 87. Ne2 {[%clk
0:49:52]} Bf7 {[%clk 0:02:03]} 88. Ng3 {[%clk 0:50:19]} Bg6 {[%clk 0:02:29]} 89.
Ne2 {[%clk 0:50:46]} Kf5 {[%clk 0:01:20]} 90. Ng3+ {[%clk 0:51:12]} Kg4 {[%clk
0:01:48]} 91. Nxe4 {[%clk 0:51:37]} Bxe4 {[%clk 0:02:14]} 92. Kxe4 {[%clk
0:52:03]} Kxh4 {[%clk 0:02:39]} 93. Kf3 {[%clk 0:52:31]} Kh3 {[%clk 0:03:04]} 94.
Kf2 {[%clk 0:52:57]} h4 {[%clk 0:03:30]} 95. Kg1 {[%clk 0:53:25]} Kg3 {[%clk
0:03:55]} 96. Kh1 {[%clk 0:53:53]} h3 {[%clk 0:04:21]} 97. Kg1 {[%clk 0:54:19]}
h2+ {[%clk 0:04:48]} 98. Kh1 {[%clk 0:54:45]} Kh3 {[%clk 0:04:48]} 1/2-1/2

[Event "LOTTO Polish Championship"]
[Site "chess24.com"]
[Date "2019.05.15"]
[Round "5"]
[White "Tomczak, Jacek"]
[Black "Heberla, Bartlomiej"]
[Result "1-0"]
[Board "5"]
[WhiteElo "2631"]
[WhiteTitle "GM"]
[WhiteCountry "POL"]
[WhiteFideId "1124668"]
[WhiteEloChange "4"]
[BlackElo "2556"]
[BlackTitle "GM"]
[BlackCountry "POL"]
[BlackFideId "1115120"]
[BlackEloChange "-4"]

1. e4 {[%clk 1:30:57]} c5 {[%clk 1:30:59]} 2. Nf3 {[%clk 1:31:15]} e6 {[%clk
1:31:26]} 3. d4 {[%clk 1:31:37]} cxd4 {[%clk 1:31:52]} 4. Nxd4 {[%clk 1:32:02]}
Nf6 {[%clk 1:32:18]} 5. Nc3 {[%clk 1:32:21]} d6 {[%clk 1:32:43]} 6. f4 {[%clk
1:31:49]} Nc6 {[%clk 1:32:30]} 7. Nb3 {[%clk 1:24:18]} a6 {[%clk 1:25:00]} 8. Qf3
{[%clk 1:05:53]} Qc7 {[%clk 1:25:12]} 9. Bd3 {[%clk 1:01:21]} b5 {[%clk 1:25:01]}
10. O-O {[%clk 1:00:44]} Bb7 {[%clk 1:24:35]} 11. Bd2 {[%clk 0:53:20]} Be7 {[%clk
1:22:20]} 12. Rae1 {[%clk 0:52:02]} h5 {[%clk 1:08:09]} 13. a4 {[%clk 0:42:33]}
b4 {[%clk 1:03:28]} 14. Nd1 {[%clk 0:42:26]} Na5 {[%clk 0:41:01]} 15. Ne3 {[%clk
0:29:36]} Nxb3 {[%clk 0:14:56]} 16. cxb3 {[%clk 0:30:00]} Bc6 {[%clk 0:15:07]}
17. Nc2 {[%clk 0:19:31]} d5 {[%clk 0:15:23]} 18. e5 {[%clk 0:17:35]} Ng4 {[%clk
0:12:02]} 19. Kh1 {[%clk 0:16:45]} Qb6 {[%clk 0:10:57]} 20. a5 {[%clk 0:10:38]}
Qxa5 {[%clk 0:08:55]} 21. f5 {[%clk 0:11:04]} Qb6 {[%clk 0:06:03]} 22. fxe6
{[%clk 0:05:56]} fxe6 {[%clk 0:06:31]} 23. Qf7+ {[%clk 0:06:13]} Kd7 {[%clk
0:06:58]} 24. Bxb4 {[%clk 0:06:25]} Rae8 {[%clk 0:07:05]} 25. Bxe7 {[%clk
0:06:13]} Rxe7 {[%clk 0:07:22]} 26. Qf4 {[%clk 0:06:40]} Ree8 {[%clk 0:04:08]}
27. Qb4 {[%clk 0:00:37]} Qxb4 {[%clk 0:03:14]} 28. Nxb4 {[%clk 0:01:06]} Rhf8
{[%clk 0:03:27]} 29. Bxa6 {[%clk 0:01:17]} Rb8 {[%clk 0:01:34]} 30. Rxf8 {[%clk
0:01:22]} Rxf8 {[%clk 0:02:03]} 31. Kg1 {[%clk 0:01:40]} Rb8 {[%clk 0:00:47]} 32.
Nd3 {[%clk 0:01:49]} d4 {[%clk 0:00:54]} 33. Bc4 {[%clk 0:00:49]} Ne3 {[%clk
0:01:09]} 34. Ra1 {[%clk 0:01:00]} Nxg2 {[%clk 0:00:32]} 35. Ra7+ {[%clk
0:01:17]} Ke8 {[%clk 0:00:42]} 36. Rxg7 {[%clk 0:01:25]} Ra8 {[%clk 0:00:31]} 37.
Rxg2 {[%clk 0:01:10]} Ra1+ {[%clk 0:00:44]} 38. Kf2 {[%clk 0:01:37]} Bxg2 {[%clk
0:01:10]} 39. Kxg2 {[%clk 0:02:04]} Ke7 {[%clk 0:00:44]} 40. Kg3 {[%clk 0:30:50]}
Rd1 {[%clk 0:30:40]} 41. Kh4 {[%clk 0:30:19]} Rh1 {[%clk 0:24:05]} 42. h3 {[%clk
0:30:43]} Kf7 {[%clk 0:24:33]} 43. b4 {[%clk 0:30:34]} 1-0